France ou pas France ? - Statistiques

Statistiques générales
  • Ce quiz a été pris 653 fois
  • Le résultat moyen est 35 sur 52
Statistiques - réponses
Hint Réponse % Correct
Place de la Concorde France
90%
Villefranche-sur-Saone France
88%
Citroën France
87%
Bourg-en-bresse France
87%
Le jardin des Tuileries France
87%
Louis de Funes France
87%
Le Beaujolais France
87%
Colmar France
86%
Carrefour France
86%
L'Oréal France
85%
Montauban France
85%
L'abbé Pierre France
84%
Calogéro France
83%
Coco Chanel France
83%
Total France
82%
Groupe Casino France
81%
La place Bellecour France
80%
Belfort France
79%
Entreprise Bic France
79%
Amazon Pas France
79%
Albi France
77%
Bale Pas France
77%
Le lac Ontario Pas France
77%
Kendji Girac France
75%
Berne Pas France
74%
Liège Pas France
74%
Europa-Park Pas France
72%
Le minitel France
71%
Bixente Lizarazu France
70%
Nevers France
70%
Jersey Pas France
70%
La place Stanislas France
68%
Céline Dion Pas France
68%
Benoît Poelvoorde Pas France
67%
Cologne Pas France
67%
Porto-Vecchio France
62%
Dave Pas France
62%
Bonifacio France
61%
La place Rouge Pas France
60%
Anvers Pas France
55%
François Damiens Pas France
53%
Virginie Efira Pas France
52%
Le Parthénon Pas France
52%
Dacia Pas France
50%
Quick Pas France
45%
Nikos Aliagas France
37%
La Place Saint-Pierre Pas France
37%
Gad Elmaleh Pas France
33%
Carla Bruni Pas France
27%
Emma Watson France
25%
Gims Pas France
18%
Tony Parker Pas France
14%
Aucun quiz correspondant
Distribution des résultats
% des personnes avec chaque résultat
Percentile par nombre de réponses
Votre historique - résultats
Vous n’avez pas pris ce quiz